00373nam a2200121 i 4500001000300000100001600003245005800019260001900077040000800096041000800104008004100112856009800153bg1 aKNOPFEL, G. 0aSwerchsilnye impulsnye magnitnye polja /cG. Knopfel. aMoskwa,c1972. cBPK apol s pl f |000 0 pol  uhttp://koha.tu.koszalin.pl/cgi-bin/koha/opac-detail.pl?biblionumber=14761yKatalog online BPK